01499nam a2200457 i 45000010005000000030009000050050017000140080039000310150018000700350023000880350036001110350014001470350021001610350023001820350044002050400028002490410008002770800007002850800011002921000044003032450070003472500015004172600052004323000044004843360027005283370054005553380028006093800016006373800027006533880014006803880014006945000044007085040026007526500021007786500013007996550022008126580031008346580034008657100045008998560097009442839KOSZ 00520200429144606.0040519s1976 pl a f |000 0 pol aUWD 1976/8560 a991023630679705066 a(PL-WaBN)b16474089-48omnis_nlop ab16474089 a(OCoLC)830602431 a(PL)b0000001647408 a(EXLNZ-48OMNIS_NETWORK)9910117555005606 aWA NcWA NdKOSZ 005/HR0 apol a69 a338.451 aGoryński, Juliuszd(1911-1986)eAutor10aEkonomika budownictwa i polityka budowlana /cJuliusz Goryński. aWyd. 2 zm. aWarszawa :bPańst. Wydaw. Ekonomiczne,c1976. a433, [3] s., il., tab., wykr. :b22 cm. 2rdacontentaTekstbtxt 2rdamediaaBez urządzenia pośredniczącegobn 2rdacarrieraWoluminbnc aKsiążki aPublikacje dydaktyczne a1901-2000 a1945-1989 aWyd. poprz. pt.: Ekonomika budownictwa. aBibliogr. przy rozdz. 7aBudownictwo2DBN 7aEkonomia 7aPodręcznik2DBN aArchitektura i budownictwo aGospodarka, ekonomia, finanse2 aPaństwowe Wydawnictwo Ekonomiczne4pbl uhttp://koha.tu.koszalin.pl/cgi-bin/koha/opac-detail.pl?biblionumber=2839zKatalog online BPK